000 00587cam a22002291a 4500
001 sa 68016135
003 DLC
005 20260227112652.0
008 950420s1966 io 000 1 ind
010 _asa 68016135
025 _aPL480:Indo-4853
035 _a(OCoLC)32341959
040 _aDLC
_cWU
_dDLC
042 _apremarc
050 0 0 _aPL5089.W554
_bN5
100 1 _aWirasutisna, Haksan,
_d1915-
245 1 0 _aNjai Sumur Bandung.
260 _aDjakarta :
_bBalai Pustaka,
_c1966.
300 _a16 p. ;
_c19 cm.
490 1 _aSeri batjaan remadja
830 0 _aBatjaan remadja
999 _c86928
_d86928